00669nam a2200217 a 4500001001300000003000900013005001700022008004100039020001000080082001600090100002700106245006400133260004400197300000900241500003500250505005100285650002000336650004000356650002800396700002700424nice12345678IN_TiNIC20260116012726.0050524s1988 lona grp 000 0 eng  ac19000a922.97bDOU aDouglas, Ian Henderson aAbul Kalam Azadb (an Intellectual and Religious Biography) aLondan bOxford University Press c1988 a358p aincludes index and biblioraphy2 aprinted from The Muslim World, lxi, no.3, 1971 aAbul Kalam Azad aPhilosophy-Islamic-Mawlana Abul Kal aIndia-Political Leaders1 aDouglas, Ian Henderson